| Поле | Инд. | ПП | Название | Значение |
|---|---|---|---|---|
| Тип записи | a | |||
| Библиографический уровень | m | |||
| 001 | Контрольный номер | RU/IS/BASE/651167842 | ||
| 005 | Дата корректировки | 20220809151259.4 | ||
| 040 | b | Код языка каталог. | rus | |
| 041 | 0_ | a | Код языка текста | rus |
| 080 | a | Индекс УДК | 621.373.8 | |
| 084 | a | Индекс другой классификации/Индекс ББК | 30.61 | |
| 090 | a | Полочн. индекс | 621.373 | |
| x | Авторский знак | Ч-18 | ||
| 097 | b | Оператор | 02 | |
| 100 | 1_ | a | Автор | Чан Ньян Дат |
| 245 | 10 | a | Заглавие | Лазерная прошивка отверстий в керамических и кремниевых подложках при формировании 3D электронных модулей |
| b | Продолж. заглавия | дисс. на соиск. степени магистра техн. наук : 1-41 80 02 | ||
| c | Ответственность | науч. рук. В. Л. Ланин | ||
| h | Физич. носитель | + электр. вариант | ||
| 260 | a | Место издания | Минск | |
| b | Издательство | БГУИР | ||
| c | Дата издания | 2020 | ||
| 300 | a | Объем | 175 с. | |
| e | Сопроводительные материалы | автореферат | ||
| 510 | 0_ | a | Примечание о ссылках | Диссертации и авторефераты диссертаций |
| 653 | 0_ | a | Ключевые слова | лазеры; 3D; керамика; подложки; кремний; компьютерное моделирование |
| 856 | 40 | u | URL | https://libeldoc.bsuir.by/bitstream/123456789/42564/1/Chan_Lazernaya.pdf |
| 901 | t | Тип документа | d |